[Event "European Online CC GpI"]
[Site "Tornelo INT"]
[Date "2021.03.27"]
[Round "1.4"]
[Board "1"]
[White "Iskandarov, Misratdin"]
[Black "Sorensen, Jan"]
[Result "1-0"]
[WhiteTitle "GM"]
[BlackTitle "IM"]
[WhiteElo "2535"]
[BlackElo "2369"]
[WhiteTeam "Tehsil Idman"]
[BlackTeam "Aarhus Skolerne 2021"]
[WhiteFideId "13400312"]
[BlackFideId "1400150"]
[EventDate "2021.03.27"]
[EventType "team"]

1. e4 e6 2. d4 d5 3. Nc3 Bb4 4. Ne2 Nc6 5. a3 Ba5 6. b4 Bb6 7. e5 f6 8. b5 Na5
9. Ng3 Nc4 10. Bxc4 dxc4 11. Be3 f5 12. O-O Ne7 13. a4 a6 14. a5 Ba7 15. Qe2 O-O
16. Nh5 axb5 17. Nxb5 Nd5 18. Nf4 g5 19. Nxd5 exd5 20. e6 Qe7 21. Bc1 Bb8 22.
Ba3 Qxe6 23. Qxe6+ Bxe6 24. Bxf8 Kxf8 25. Rfe1 Bd7 26. Nc3 c6 27. Na4 Bc7 28.
Nb6 Rd8 29. Nxd7+ Rxd7 30. a6 bxa6 31. Rxa6 Rd6 32. Re5 Rf6 33. Ra8+ Kg7 34.
Re7+ Rf7 35. Rxf7+ Kxf7 36. Ra7 1-0

[Event "European Online CC GpI"]
[Site "Tornelo INT"]
[Date "2021.03.27"]
[Round "1.5"]
[Board "1"]
[White "Batsiashvili, Nino"]
[Black "Arnaudov, G. Petar"]
[Result "1/2-1/2"]
[WhiteTitle "GM"]
[BlackTitle "GM"]
[WhiteElo "2491"]
[BlackElo "2471"]
[WhiteTeam "SK Schwabisch"]
[BlackTeam "Gambit Bonnevoie"]
[WhiteFideId "13602993"]
[BlackFideId "2907127"]
[EventDate "2021.03.27"]
[EventType "team"]

1. d4 Nf6 2. Nf3 e6 3. Bf4 d5 4. e3 Bd6 5. Bg3 O-O 6. Bd3 c5 7. c3 Qc7 8. Nbd2
Nbd7 9. e4 e5 10. dxe5 Nxe5 11. Nxe5 Bxe5 12. O-O Bxg3 13. hxg3 dxe4 14. Nxe4
Nxe4 15. Bxe4 Be6 16. Qf3 Rad8 17. Bxb7 Rb8 18. Bd5 Bxd5 19. Qxd5 Rxb2 20. Rab1
Rb6 21. Rbd1 g6 22. Rfe1 Rfb8 23. Re5 Kg7 24. Qxc5 Qxc5 25. Rxc5 Rb1 26. Rd5
R8b2 27. a4 Rxd1+ 28. Rxd1 Ra2 29. Rd4 h5 30. g4 hxg4 31. Rxg4 a5 32. g3 Kf6 33.
Kg2 Ra3 34. Rc4 Ke6 35. Kf3 Kd5 36. Rc7 Ke6 37. Rc6+ Kd5 38. Rc7 Ke6 39. Rc6+
Kd5 40. Rc7 1/2-1/2

[Event "European Online CC GpI"]
[Site "Tornelo INT"]
[Date "2021.03.27"]
[Round "4.2"]
[Board "4"]
[White "Dishman, Stephen"]
[Black "Stinka, Jakub"]
[Result "1-0"]
[BlackTitle "FM"]
[WhiteElo "2316"]
[BlackElo "2232"]
[WhiteTeam "Gambit Bonnevoie"]
[BlackTeam "Bohemian Fire A"]
[WhiteFideId "403024"]
[BlackFideId "391662"]
[EventDate "2021.03.27"]
[EventType "team"]

1. Nf3 Nf6 2. c4 e6 3. g3 d5 4. d4 dxc4 5. Bg2 Nc6 6. Qa4 Bb4+ 7. Bd2 Nd5 8. Qb5
O-O 9. Qxc4 Nb6 10. Qd3 e5 11. Bxb4 Nxb4 12. Qd2 Nc6 13. dxe5 Bg4 14. O-O Qe7
15. Qc3 Rfe8 16. Nbd2 Nxe5 17. Nxe5 Qxe5 18. Qxe5 Rxe5 19. e3 c6 20. h3 Bd7 21.
Rfc1 Rd8 22. Nb3 Bc8 23. Nd4 f6 24. b4 a6 25. a4 Re7 26. b5 axb5 27. axb5 cxb5
28. Nxb5 Be6 29. Rab1 Bd5 30. Nd4 Bxg2 31. Kxg2 Nd5 32. Kf3 Kf7 33. Rb3 Red7 34.
Rcb1 b6 35. g4 g6 36. Nc6 Rc8 37. Nb4 Nxb4 38. Rxb4 Rc2 39. Rxb6 Kg7 40. Rb7 Rd2
41. h4 h5 42. g5 fxg5 43. hxg5 Rd5 44. Rxd7+ Rxd7 45. Ke4 Re7+ 46. Kd3 Kf7 47.
f4 Rd7+ 48. Ke2 Ra7 49. Kf3 Ra3 50. Rb7+ Kg8 51. Ke4 h4 52. Rb1 Ra4+ 53. Kf3 Ra7
54. Rh1 Rh7 55. Kg4 Re7 56. Rh3 Kf7 57. Kxh4 Ke6 58. Kg4 Kd5 59. Kf3 Re6 60. Rh8
Rc6 61. Rf8 Ra6 62. e4+ Kd4 63. Rd8+ Kc5 64. f5 1-0

[Event "European Online CC GpI"]
[Site "Tornelo INT"]
[Date "2021.03.28"]
[Round "5.4"]
[Board "2"]
[White "Bilquez, Romain"]
[Black "Godart, Francois"]
[Result "0-1"]
[BlackTitle "IM"]
[WhiteElo "2276"]
[BlackElo "2422"]
[WhiteTeam "C'Chartres Echecs B"]
[BlackTeam "Gambit Bonnevoie"]
[WhiteFideId "640379"]
[BlackFideId "208078"]
[EventDate "2021.03.27"]
[EventType "team"]

1. e4 e6 2. d4 d5 3. Nc3 Bb4 4. Ne2 dxe4 5. a3 Bxc3+ 6. Nxc3 Nc6 7. Bb5 Ne7 8.
Nxe4 O-O 9. c3 Qd5 10. Bxc6 Nxc6 11. Qf3 b6 12. O-O Bb7 13. Re1 Rad8 14. Qg3 f5
15. Ng5 Rf6 16. Bf4 Rg6 17. Qf3 Na5 18. Qxd5 Bxd5 19. g3 Nb3 20. Rad1 h6 21. Nh3
Bf3 22. Bxc7 Rd7 23. Be5 Bxd1 24. Rxd1 h5 25. Nf4 Rh6 26. h4 Kf7 27. Nd3 Rh8 28.
Bf4 Rd5 29. Ne5+ Ke8 30. Ng6 Rg8 31. Re1 Kd7 32. Be5 Na5 33. Nf4 Nc4 34. Nxd5
exd5 35. b3 Nd2 36. Kg2 Nxb3 37. Bf4 Re8 38. Be5 g6 39. Kf3 b5 40. Kf4 Nd2 41.
f3 Nc4 42. Rb1 a6 43. a4 bxa4 44. Rb7+ Kc6 45. Rc7+ Kb6 46. Rc5 a3 47. Rxd5 a2
48. Rc5 a1=Q 0-1

[Event "European Online CC GpI"]
[Site "Tornelo INT"]
[Date "2021.03.28"]
[Round "7.3"]
[Board "2"]
[White "Mchedlishvili, Mikheil"]
[Black "Marechal, Andy"]
[Result "1-0"]
[WhiteTitle "GM"]
[BlackTitle "FM"]
[WhiteElo "2570"]
[BlackElo "2332"]
[WhiteTeam "CAC Beniajan Duochess"]
[BlackTeam "Gambit Bonnevoie"]
[WhiteFideId "13600966"]
[BlackFideId "202355"]
[EventDate "2021.03.27"]
[EventType "team"]

1. e4 e6 2. d4 d5 3. Nc3 Nf6 4. e5 Nfd7 5. Nce2 c5 6. c3 cxd4 7. cxd4 f6 8. f4
Nc6 9. Nf3 Be7 10. Be3 O-O 11. Nc3 Qb6 12. Qd2 a6 13. Bd3 Nb4 14. Bb1 Nb8 15.
O-O Bd7 16. a3 N4c6 17. b4 Na7 18. exf6 Bxf6 19. Ne5 Bxe5 20. dxe5 Qd8 21. Qd1
g6 22. Rf3 Nbc6 23. Ne2 Ne7 24. Rg3 Kh8 25. Rh3 Nac6 26. Qe1 Nf5 27. Bc5 Rg8 28.
g4 Nfe7 29. Bf2 Rg7 30. Bh4 Kg8 31. Bf6 Rf7 32. Qh4 Qb6+ 33. Kg2 a5 34. Qg5 Kf8
35. Bxg6 hxg6 36. Rh8+ Ng8 37. Qxg6 Ne7 38. Qg5 1-0

[Event "European Online CC GpI"]
[Site "Tornelo INT"]
[Date "2021.03.28"]
[Round "9.3"]
[Board "2"]
[White "Heberla, Bartlomiej"]
[Black "Sorensen, Jan"]
[Result "1-0"]
[WhiteTitle "GM"]
[BlackTitle "IM"]
[WhiteElo "2556"]
[BlackElo "2369"]
[WhiteTeam "Moravska Slavia Brno A"]
[BlackTeam "Aarhus Skolerne 2021"]
[WhiteFideId "1115120"]
[BlackFideId "1400150"]
[EventDate "2021.03.27"]
[EventType "team"]

1. e4 e6 2. d4 d5 3. e5 c5 4. c3 Qb6 5. Nf3 Nc6 6. Na3 cxd4 7. cxd4 Bb4+ 8. Bd2
Bxa3 9. bxa3 Nxd4 10. Qa4+ Nc6 11. Bd3 Ne7 12. O-O Bd7 13. Qg4 Kf8 14. Rab1 Qc7
15. Rfc1 b6 16. Bb4 Qd8 17. Bd6 Kg8 18. Rc3 Nc8 19. Bb4 a5 20. Bd6 Nxd6 21. exd6
e5 22. Bf5 Bxf5 23. Qxf5 g6 24. Qg4 Qxd6 25. Rbc1 Ne7 26. Rc7 Kg7 27. Rd7 Qf6
28. Rcc7 Rac8 29. Rxe7 Qxe7 30. Rxc8 f5 31. Qh4 Qxh4 32. Rc7+ Kf6 33. Nxh4 e4
34. g3 Ke5 35. Kf1 Kd6 36. Rc1 Rf8 37. Ng2 g5 38. Ke2 f4 39. gxf4 gxf4 40. f3
Ke5 41. Rc7 Rg8 42. Ne1 Rg1 43. Rxh7 Kd4 44. Rh4 Ke5 45. Kf2 Rh1 46. Ng2 e3+ 47.
Ke2 Ra1 48. Nxf4 Rxa2+ 49. Kxe3 d4+ 50. Kd3 Rxa3+ 51. Ke2 Ra2+ 52. Ke1 a4 53.
Nd3+ Kf5 54. Rf4+ Kg5 55. h4+ Kh5 56. Rxd4 b5 57. Rb4 a3 58. Rxb5+ Kxh4 59. Ra5
Kg3 60. f4 Kf3 61. f5 Ke3 62. Nc1 Ra1 63. Kd1 Rb1 64. Rxa3+ Ke4 65. Ra5 Rb6 66.
Ne2 Rf6 67. Nc3+ Kd3 68. Ne2 Ke4 69. Ng3+ Kf3 70. Nh5 Rd6+ 71. Kc2 Kg4 72. f6
Rd7 73. Re5 Kh4 74. Kc3 Kg4 75. Kc4 Kh4 76. Kc5 Kg4 77. Kc6 Ra7 78. Kd6 Rb7 79.
Ke6 Ra7 80. f7 Ra6+ 81. Ke7 Ra7+ 82. Kf6 Ra6+ 83. Kg7 Ra7 84. Nf6+ Kf4 85. Rd5 1-0